Guess The Continent Of The Country. - Statistics

General Stats
  • This quiz has been taken 13 times
  • The average score is 9 of 11
Answer Stats
Question Answer % Correct
India Asia
100%
North korea Asia
100%
Italy Europe
100%
Albania (Note: Can I Have One Subscribe :D ) Europe
100%
USA North america
100%
Canada North America
100%
Algeria Africa
92%
Russia Asia and europe
92%
Kazakhstan Asia and europe
31%
Egypt Africa and asia
23%
Denmark Europe and North America
23%
No matching quizzes found
Score Distribution
Percent of People with Each Score
Percentile by Number Answered
Your Score History
You have not taken this quiz